Países Por Emojis - Estadísticas

Estadísticas generales
  • Esta prueba ha sido intentada 402 veces
  • La puntuación promedio es 13 de 15
Estadísticas de respuestas
Hint Respuesta % Correcto
🏈🍔🗽 Estados Unidos
100%
🍷🥐🚴‍♂️ Francia
99%
🏄‍♂️🦘⬇️ Australia
98%
🏒❄️🍁 Canadá
98%
☕️💂‍♀️⚽️ Reino Unido
98%
🏭🐼🥡 China
97%
🍕🍨🛵 Italia
97%
🐡🍣🚅 Japón
97%
🌧🍀🍺 Irlanda
94%
⌚️🧀🏔 Suiza
91%
🏏🧘🐯 India
89%
☪️✡️🕍 Israel
83%
🐏🧈🥝 Nueva Zelanda
68%
🇪🇺🍫💎 Bélgica
60%
⛷🛢🐟 Noruega
57%
No se encontraron pruebas coincidentes
Distribución de puntuación
Porcentaje de gente con cada puntuación
Porcentaje por número respondido
Historial de tus puntuaciones
No has intentado esta prueba.